000 00413nam a2200169Ia 4500
001 22299
003 IN-NITTTR
005 20251114233252.0
008 251113s9999||||xx |||||||||||||| ||eng||
040 _beng
040 _cIN-NITTTR
041 _aeng
082 _aR 693 P41C
100 _aPerkins, Philip H.
245 0 _aConcrete floors,finishes and external paving /
_cPerkins, Philip H.
942 _2ddc
_cBK
999 _c24928
_d24928